One-Named Musicians: Real Names - Statistics

General Stats
  • This quiz has been taken 21 times
  • The average score is 14 of 30
Answer Stats
Hint Answer % Correct
_______ Louise Ciccone Madonna
100%
Marshall Bruce Mathers III Eminem
88%
Gordon Matthew Thomas Sumner Sting
88%
_______ Giselle Knowles-Carter Beyoncé
82%
Paul David Hewson Bono
76%
Stacy Ann Ferguson Fergie
76%
_____ Guðmundsdóttir Björk
71%
Alecia Beth Moore P!nk
71%
Robyn _______ Fenty Rihanna
65%
Saul Hudson Slash
65%
_____ Rogers Nelson Prince
59%
Aubrey _____ Graham Drake
47%
Eithne Pádraigín Ní Bhraonáin Enya
47%
Richard Melville Hall Moby
47%
Melissa Viviane Jefferson Lizzo
41%
_____ Raymond IV Usher
41%
Michael Peter Bulzary Flea
35%
____ Henry Olusegun Olumide Adeola Samuel Seal
35%
_____ Laurie Blue Adkins Adele
29%
Andrew John ______-Byrne Hozier
29%
Ella Marija Lani Yelich-O'Connor Lorde
29%
Helen Folsade Adu Sade
29%
_______ Isabel Mebarak Ripoll Shakira
29%
Artis Leon Ivey Jr. Coolio
24%
___ Kate Isobelle Furler Sia
24%
Ashley Nicolette Frangipane Halsey
18%
_____ Kilcher Jewel
18%
Orville Richard Burrell Shaggy
18%
________ Dana Haughton Aaliyah
12%
Aliaune Damala Bouga Time Puru Nacka Lu Lu Lu Badara ____ Thiam Akon
6%
No matching quizzes found
Score Distribution
Percent of People with Each Score
Percentile by Number Answered
Your Score History
You have not taken this quiz